Xenophōntos Agēsilaos. Agesilaus of Xenophon / (Record no. 74)
[ view plain ]
| 000 -LEADER | |
|---|---|
| fixed length control field | 00683nam a22002295 4500 |
| 001 - CONTROL NUMBER | |
| control field | 3013129 |
| 003 - CONTROL NUMBER IDENTIFIER | |
| control field | OSt |
| 005 - DATE AND TIME OF LATEST TRANSACTION | |
| control field | 20200421093818.0 |
| 008 - FIXED-LENGTH DATA ELEMENTS--GENERAL INFORMATION | |
| fixed length control field | 000124s1879 enk 000 grc d |
| 035 ## - SYSTEM CONTROL NUMBER | |
| System control number | CAT1-0985442 |
| 035 ## - SYSTEM CONTROL NUMBER | |
| System control number | 44583 |
| 040 ## - CATALOGING SOURCE | |
| Original cataloging agency | NLS |
| Transcribing agency | xxx |
| 100 0# - MAIN ENTRY--PERSONAL NAME | |
| Personal name | Xenophon, |
| Titles and words associated with a name | the Historian. |
| 9 (RLIN) | 57 |
| 240 10 - UNIFORM TITLE | |
| Uniform title | Agesilaus. |
| Language of a work | Greek. |
| Date of a work | 1879 |
| 245 10 - TITLE STATEMENT | |
| Title | Xenophōntos Agēsilaos. Agesilaus of Xenophon / |
| Statement of responsibility, etc. | the text revised, with critical and explanatory notes, introduction, analyses and indices, by H. Hailstone. |
| 260 ## - PUBLICATION, DISTRIBUTION, ETC. | |
| Place of publication, distribution, etc. | Cambridge, |
| Date of publication, distribution, etc. | 1879. |
| 300 ## - PHYSICAL DESCRIPTION | |
| Dimensions | 8vo. |
| 440 #0 - SERIES STATEMENT/ADDED ENTRY--TITLE | |
| Title | Pitt Press series |
| 9 (RLIN) | 58 |
| 700 1# - ADDED ENTRY--PERSONAL NAME | |
| Personal name | Hailstone, H. |
| 9 (RLIN) | 59 |
| 942 ## - ADDED ENTRY ELEMENTS (KOHA) | |
| Source of classification or shelving scheme | Dewey Decimal Classification |
| Koha item type | Books |
| Withdrawn status | Lost status | Damaged status | Not for loan | Collection | Home library | Current library | Shelving location | Date acquired | Barcode | Date last seen | Price effective from | Koha item type |
|---|---|---|---|---|---|---|---|---|---|---|---|---|
| Reference | Centerville | Centerville | General stacks | 09/04/2014 | 39999000003055 | 09/04/2014 | 09/04/2014 | Books | ||||
| Reference | Midway | Midway | General stacks | 09/04/2014 | 39999000003079 | 09/04/2014 | 09/04/2014 | Books |